| 000 | 00571nam a2200193Ia 4500 | ||
|---|---|---|---|
| 005 | 20260114185838.0 | ||
| 008 | 008 260114s9999 xx 000 0 eng d | ||
| 020 | _a9781847880185 | ||
| 037 | _aEBOOK | ||
| 040 |
_aCRL _beng _cCRL |
||
| 041 |
_aeng _2eng |
||
| 084 | _qCRL | ||
| 100 |
_aAlison Goodrum _9875119 |
||
| 245 | 4 | _aThe National Fabric Fashion, Britishness, Globalization | |
| 260 |
_bBloomsbury _c2010 |
||
| 856 | _uhttps://doi.org/10.2752/9781847880185?locatt=label:secondary_bloomsburyCollections | ||
| 942 | _cEBOOK | ||
| 999 |
_c1474053 _d1474053 |
||